Etapas de la gestación (Registro nro. 8766)
[ vista simple ]
| 000 -LÍDER | |
|---|---|
| fixed length control field | 00449nom a22001697a 4500 |
| 005 - FECHA DE ÚLTIMA TRANSACCION | |
| control field | 20220609171450.0 |
| 008 - ELEMENTOS DE DATOS - INFORMACIÓN GENERAL | |
| fixed length control field | 161205b xxu||||| |||| 00| 0 spa d |
| 041 ## - CÓDIGO DE LENGUAJE | |
| Código de idioma de texto / pista de sonido o título separado | SPA |
| 082 ## - NÚMERO DE ACTIVO | |
| N° Activo | ETAPAS DE LA GESTACIÓN |
| 245 ## - TÍTULO | |
| Título | Etapas de la gestación |
| 260 ## - PUBLICACIÓN , DISTRIBUCIÓN, ETC. (PIE DE IMPRENTA ) | |
| Fecha de adqusición | 2016 |
| 500 ## - NOTA GENERAL | |
| Nota general | Se prestan para el mismo día, hasta las 7:50 pm |
| 650 ## - ASIENTO SECUNDARIO DE MATERIA - TÉRMINO DE MATERIA | |
| Término temático | GESTACIÓN |
| 650 ## - ASIENTO SECUNDARIO DE MATERIA - TÉRMINO DE MATERIA | |
| Término temático | EMBARAZO |
| 650 ## - ASIENTO SECUNDARIO DE MATERIA - TÉRMINO DE MATERIA | |
| Término temático | MODELOS ANATÓMICOS |
| 942 ## - AÑADIDO ENTRADA ELEMENTOS ( Koha ) | |
| Koha tipo de ítem | Modelo Anatómico |
| Withdrawn status | Estado | Estado físico | Not for loan | Precio de compra | Total Checkouts | Clasificación | Número de inscripción | Date last seen | Date checked out | Tipo de ítem |
|---|---|---|---|---|---|---|---|---|---|---|
| 85000.00 | 1 | Etapas de la gestión | ACT-1960 | 15/02/2023 | 15/02/2023 | Modelo Anatómico |